header

Ancestors and anxiety (Record no. 147588)

MARC details
000 -LEADER
fixed length control field 01413nam a2200349Ia 4500
082 04 - DEWEY DECIMAL CLASSIFICATION NUMBER
Classification number 299.514237
100 1# - MAIN ENTRY--AUTHOR NAME
Personal name Bokenkamp, Stephen R.,
245 10 - TITLE STATEMENT
Title Ancestors and anxiety
260 ## - PUBLICATION, DISTRIBUTION, ETC. (IMPRINT)
Place of publication Berkeley ;
-- London :
Name of publisher University of California Press,
Year of publication c2007.
300 ## - PHYSICAL DESCRIPTION
Number of Pages xi, 220 p.
490 0# - SERIES STATEMENT
Series statement A Philip E. Lilienthal book in Asian studies
500 ## - GENERAL NOTE
General note "A Philip E. Lilienthal book"--P. [ii].
650 #0 - SUBJECT ADDED ENTRY--TOPICAL TERM
Topical Term Taoism.
Topical Term Reincarnation
856 40 - ELECTRONIC LOCATION AND ACCESS
Uniform Resource Identifier http://site.ebrary.com/lib/rucke/Doc?id=10190625

No items available.

© 2026 Rongo University
Contact us: librarian | system librarian | Rongo university